Pluridisabilità e vita quotidiana (Record n. 210926)

Dettagli MARC
000 -LEADER
fixed length control field 01183nam a2200217Ia 4500
001 - CONTROL NUMBER
control field b6146-43063
003 - CONTROL NUMBER IDENTIFIER
control field IT-MiCISF
008 - FIXED-LENGTH DATA ELEMENTS--GENERAL INFORMATION
fixed length control field 161014s9999||||xx |||||||||||||| ||und||
040 ## - CATALOGING SOURCE
Original cataloging agency IT-MiCISF
Transcribing agency IT-MiCISF
041 ## - LANGUAGE CODE
Language code of text/sound track or separate title it
999 ## - SYSTEM CONTROL NUMBERS (KOHA)
Koha Dewey Subclass [OBSOLETE] si
100 ## - MAIN ENTRY--PERSONAL NAME
Personal name Benedan Sonia
245 #0 - TITLE STATEMENT
Title Pluridisabilità e vita quotidiana
Remainder of title Crescere un bambino con disabilità multipla
250 ## - EDITION STATEMENT
Edition statement 1a ed.
260 ## - PUBLICATION, DISTRIBUTION, ETC. (IMPRINT)
Place of publication, distribution, etc. Gardolo (TN)
Name of publisher, distributor, etc. Erickson
Date of publication, distribution, etc. 2006
300 ## - PHYSICAL DESCRIPTION
Extent pp. 109
500 ## - GENERAL NOTE
General note / handicap, famiglia-con-handicap, educazione, apprendimento, associazioni, indirizzi / Questo libro si rivolge a quelle famiglie che necessitano di una "guida" per costruire una relazione positiva e serena con il proprio figlio con minorazione visiva e pluridisabilità, i cui primi anni di vita possono essere determinanti per lo sviluppo futuro. L'obiettivo è quello di restituire fiducia e serenità ai familiari e di orientare il bambino con pluridisabilità in un percorso che lo porti, nonostante le oggettive limitazioni, a un soddisfacente livello di autonomia e di integrazione sociale.
650 ## - SUBJECT ADDED ENTRY--TOPICAL TERM
Topical term or geographic name as entry element Dinamiche familiari / handicap
Relator term 001
700 ## - ADDED ENTRY--PERSONAL NAME
Personal name Faretta Elisa
942 ## - ADDED ENTRY ELEMENTS (KOHA)
Koha item type LIBRO
957 ## -
-- 1
999 ## - SYSTEM CONTROL NUMBERS (KOHA)
-- 1
Dati di copia
Withdrawn status Lost status Damaged status Not for loan Home library Current library Date acquired Total Checkouts Full call number Date last seen Price effective from Koha item type Public note
    Buone Condizioni Not For Loan CISF - Milano CISF - Milano 14/10/2016   b6146-43063 14/10/2016 14/10/2016 LIBRO Data import 15.10.2016 / by Epidotti, Vaglietti
CREDITS: SOCIETA' SAN PAOLO Via A.Severo, 58 - ROMA (RM) & PERIODICI SAN PAOLO SRL Via Giotto, 36 MILANO & CISF Via Giotto, 36 MILANO & EDIZIONI SAN PAOLO SRL,  Piazza Soncino, 5 CINISELLO BALSAMO (MI) -- ITALY